000
00270nam a22001097a 4500
008
230703b xxu||||| |||| 00| 0 eng d
082
_a
346.2
_b
MAS 1960
245
_a
Year of Decision
260
_b
Institute of Race Relations
_c
1960
300
_a
XII,282p
942
_2
ddc
_c
BK
999
_c
3184
_d
3184